| 000 -LEADER |
| fixed length control field |
00831cam a2200241 a 4500 |
| 001 - CONTROL NUMBER |
| control field |
6469 |
| 003 - CONTROL NUMBER IDENTIFIER |
| control field |
BD-DhUAP |
| 005 - DATE AND TIME OF LATEST TRANSACTION |
| control field |
20210130095651.0 |
| 008 - FIXED-LENGTH DATA ELEMENTS--GENERAL INFORMATION |
| fixed length control field |
200301s1992 enka b 000 0 eng |
| 020 ## - INTERNATIONAL STANDARD BOOK NUMBER |
| International Standard Book Number |
0714827657 |
| 040 ## - CATALOGING SOURCE |
| Original cataloging agency |
DLC |
| Transcribing agency |
DLC |
| Modifying agency |
BD-DhUAP |
| Language of cataloging |
Eng |
| 082 ## - DEWEY DECIMAL CLASSIFICATION NUMBER |
| Edition number |
23 |
| Classification number |
720.973 BRA |
| 100 1# - MAIN ENTRY--PERSONAL NAME |
| Personal name |
Brawne, Michael. |
| 245 10 - TITLE STATEMENT |
| Title |
Museum fur Kunsthandwerk : Richard Meier / |
| Statement of responsibility, etc. |
Michael Brawne. |
| 260 ## - PUBLICATION, DISTRIBUTION, ETC. |
| Place of publication, distribution, etc. |
London : |
| Name of publisher, distributor, etc. |
Phaidon Press, |
| Date of publication, distribution, etc. |
c1992. |
| 300 ## - PHYSICAL DESCRIPTION |
| Extent |
60 pages : |
| Other physical details |
illustrations ; |
| Dimensions |
30 cm. |
| 490 ## - SERIES STATEMENT |
| Series statement |
Architecture in detail |
| 504 ## - BIBLIOGRAPHY, ETC. NOTE |
| Bibliography, etc. note |
Includes bibliographical references (p. [58-59]). |
| 600 10 - SUBJECT ADDED ENTRY--PERSONAL NAME |
| Personal name |
Meier, Richard, |
| Dates associated with a name |
1934- |
| General subdivision |
Criticism and interpretation. |
| 650 #0 - SUBJECT ADDED ENTRY--TOPICAL TERM |
| Topical term or geographic name entry element |
Art museum architecture |
| Geographic subdivision |
Germany |
| -- |
Frankfurt am Main. |
| 650 #0 - SUBJECT ADDED ENTRY--TOPICAL TERM |
| Topical term or geographic name entry element |
Architecture |
| Geographic subdivision |
Germany |
| -- |
Frankfurt am Main |
| General subdivision |
History |
| Chronological subdivision |
20th century. |
| 942 ## - ADDED ENTRY ELEMENTS (KOHA) |
| Source of classification or shelving scheme |
|
| Koha item type |
Book |